000 00618nam a2200229Ia 4500
005 20230701094050.0
008 131103s9999 xx 000 0 und d
040 _aLoreto College
041 _aEnglish
082 _a301.431
_bHAR
100 _aHarris,Thomas A.
245 _aCounseling the serviceman and his family
_cThomas A. Harris
260 _aPhiladelphia
_bFortress Press
_c1966
300 _a144 p.
440 _aSuccessful Pastoral Counseling Series
504 _a2nd printing 1970
630 _aFamily
650 _aFamily
651 _aCulture and Institution
850 _aLCLIB
942 _cBK
999 _c3146
_d53625